Statistics for League of legends News and Trivia quiz!

Click here to take the quiz!

General Stats

  • This quiz has been taken 856 times
  • The average score is 9 of 15

Answer Stats

QuestionAnswer% Correct
Season 3 World Championships winnersSKT telecom
90%
Season 1 World Championships winnersFnatic
81%
Sivir
81%
Name the 3 Champions with PAX skinsJax
78%
Twisted fate
73%
Considered the god of Thresh between most pro's and the general communityMadlife
68%
What champion is considered Satanic?Teemo
68%
'Better nerf _______'Irelia
68%
Caster who loves puns and ton's of damage!Phreak
66%
Season 2 World Championships winnersTaipei Assassins
60%
Lee sin ult move which is now named after this top laner former junglerInsec
59%
What champion is the 'Fist of shadow'Akali
54%
TSM member well know for his big, cheerful smilesWildTurtle
50%
Who is the Coach/Analyst for CLG?MonteCristo
19%
Who sponsors the Amateur scene?Coke zero
7%

Score Distribution

Percentile by Number Answered

Percent of People with Each Score

Your Score History

You have not taken this quiz